000 00780nam a2200217 i 4500
001 bg
100 1 _aDYBCZYŃSKI, Władysław
245 1 0 _aProjektowanie układów świetlnooptycznych naświetlaczy :
_bzagadnienia wybrane /
_cWładysław Dybczyński.
260 _aBiałystok :
_bDział Wydawnictw i Poligrafii,
_c1997.
300 _a108 s. :
_brys., wykr. ;
_c23 cm.
490 1 _aRozprawy Naukowe / Politechnika Białostocka,
_x0867-096X ;
_vNr 47
504 _aBibliogr. s. 107-108.
650 9 _aOprawy oświetleniowe
_xprojekty
710 0 _aPOLITECHNIKA BIAŁOSTOCKA (Białystok)
830 0 _aRozprawy Naukowe (Politechnika Białostocka) ;
_vNr 47
040 _cBPK
041 0 _apl
080 _a621.32
942 _cKS
008 s pl f |000 0 pol
999 _c32776
_d32776
856 _uhttp://koha.tu.koszalin.pl/cgi-bin/koha/opac-detail.pl?biblionumber=32776
_yKatalog online BPK